000 00722nam a2200253Ia 4500
003 OSt
005 20221006160525.0
006 a|||||r|||| 00| 0
007 ta
008 221006b |||||||| |||| 00| 0 eng d
024 _a45,390
037 _cSeries Articles
040 _aEASL
_cEASL
_beng
041 _2eng
_aeng
100 _aMichelle Damian
_9673995
245 0 _aAnother floating world Maritime Japan thorugh woodblock prints
260 _aAnn Arbor
_bAssocation for Asian Studies,Inc. USA.
_c2014
300 _a74-77pp.
_ccm.
490 _v19
650 _a Japan - Woodblock prints
_9673996
650 _aAsian Studies
942 _cREF
_2CC
999 _c1113482
_d1113482